00359nam a22001337a 450000500170000000800410001702200130005808200120007110000120008324500300009526000460012530000290017165000250020020250814071512.0250814b |||||||| |||| 00| 0 eng d a10246991 a349 NAM lEnglish aThe Namibian Law Reports  aCape Town: bJuta and Company Ltd, c2025 bxx, 624 pages; c25 cm.  aLegal Practice bLaw